Statistics for Books with Animals in the Title #1

Click here to take the quiz!

General Stats

  • This quiz has been taken 60,179 times
    (48,515 since last reset)
  • The average score is 14 of 24

Answer Stats

AuthorBook% Correct
Harper LeeTo Kill a {Mockingbird}
98%
Dr. SeussThe {Cat} in the Hat
96%
C.S. LewisThe {Lion}, the Witch
and the Wardrobe
94%
John SteinbeckOf {Mice} and Men
92%
William GoldingLord of the {Flies}
88%
Roald DahlFantastic Mr. {Fox}
76%
William ShakespeareThe Taming of the {Shrew}
74%
Arthur Conan DoyleThe {Hound} of the Baskervilles
71%
Richard & Florence
Atwater
Mr. Popper's {Penguins}
64%
Dashiell HammettThe Maltese {Falcon}
64%
John GrishamThe {Pelican} Brief
57%
Sara GruenWater for {Elephants}
51%
Philip K DickDo Androids Dream of
Electric {Sheep}?
49%
Jean M. AuelThe Clan of the Cave {Bear}
49%
Cormac McCarthyAll the Pretty {Horses}
43%
Amy ChuaBattle Hymn of the
{Tiger} Mother
43%
John Updike{Rabbit}, Run
42%
Sue Monk KiddThe Secret Life of {Bees}
35%
Hilary Mantel{Wolf} Hall
33%
Richard BachJonathan Livingston {Seagull}
32%
Desmond MorrisThe Naked {Ape}
30%
Charles DarwinThe Voyage of the {Beagle}
29%
Nassim Nicholas TalebThe Black {Swan}
27%
Frederick ForsythThe Day of the {Jackal}
27%

Score Distribution

Percentile by Number Answered

Percent of People with Each Score

Your Score History

You have not taken this quiz since the last reset